LEADER 01080nam a2200265 i 4500 001 000000157888 003 CaOOAMICUS 005 20070123000000.0 008 070123s1966 it u000 u ita u 013 $a135249 040 $aSeMil$bita 100 1 $aBlunt, Anthony.$0(OLS)http://semarc/name/41430 245 13$aLe teorie artistiche in Italia :$bdal Rinascimento al Manierismo /$cAnthony Blunt. 260 $aTorino :$bEinaudi,$ccopyr. 1966. 300 $a185 p. ;$c18 cm. 490 0 $aPiccola biblioteca Einaudi ;$v83 500 $aContiene : Bibliografia. - Fondo Ciprandi. 650 4$aArte - Teorie.$0(OLS)http://semarc/subject/24680 830 0$aPiccola biblioteca Einaudi ;$v83.$0(OLS)http://semarc/title/11221 850 $aSeMil 852 $aSeMil$W1$xVenegono$y1$m5M I 3$j109563$B109563$CSeMilBibl$Z2$F119168 $81 941 1 $a1 961 $aOmaggio: Ciprandi dott. Paolo 996 $6245$aLe teorie artistiche in Italia :$bdal Rinascimento al Manierismo$9(OLS)http://semarc/title/231643 996 $6260$aTorino :$bEinaudi$9(OLS)http://semarc/publisher/29884 LEADER 01309nam a2200301 i 4500 001 000000046637 003 CaOOAMICUS 005 20070412000000.0 008 070412s1989 it u000 u ita u 013 $a17807 020 $a88-444-1141-5 040 $aSeMil$bita 100 1 $aFiore, Elio.$0(OLS)http://semarc/name/23189 245 10$aDialoghi per non morire /$cElio Fiore ; con una testimonianza di Giuseppe Ungaretti e una postilla di Paolo Lagazzi. 250 $a2. ed. 260 $aMilano :$bAll'insegna del pesce d'oro,$c1989. 300 $a118 p., [1] p. di ritratto ;$c17 cm. 490 0 $aAcquario ;$v182 650 4$aPoesia italiana - Sec. 20. - Testi.$0(OLS)http://semarc/subject/1280 700 1 $aLagazzi, Paolo,$d<1949- >.$0(OLS)http://semarc/name/23190 700 1 $aUngaretti, Giuseppe,$d<1888-1970>.$0(OLS)http://semarc/name/1569 830 0$aAcquario ;$v182.$0(OLS)http://semarc/title/8368 850 $aSeMil 852 $aSeMil$W1$xVenegono$y1$m1B I 93$j12792$B12792$CSeMilBibl$Z2$F12792 $81 961 $aOmaggio: Martini Card. Carlo Maria 996 $6020$a88-444-1141-5$9(OLS)http://semarc/number/19170 996 $6245$aDialoghi per non morire$9(OLS)http://semarc/title/69816 996 $6260$aMilano :$bAll'insegna del pesce d'oro$9(OLS)http://semarc/publisher/29752